[Event "BUL-chT2"]
[Site "Albena"]
[Date "2011.06.08"]
[Round "9.5"]
[White "Rusev, Jeliazko"]
[Black "Ribarov, Plamen"]
[Result "1-0"]
[WhiteElo "2273"]
[BlackElo "2068"]
[PlyCount "77"]
[EventDate "2011.06.02"]
[EventType "team-tourn"]
[EventRounds "9"]
[EventCountry "BUL"]
[SourceTitle "CBM 142 Extra"]
[Source "ChessBase"]
[SourceDate "2011.06.27"]
[SourceVersion "1"]
[SourceVersionDate "2011.06.27"]
[SourceQuality "1"]
[WhiteTeam "Jambol Tundja"]
[BlackTeam "Dobrich Energiya 21"]
[WhiteTeamCountry "BUL"]
[BlackTeamCountry "BUL"]

1. d4 d5 2. Nf3 Nf6 3. e3 Bg4 4. c4 c6 5. Qb3 Qb6 6. c5 Qxb3 7. axb3 Bxf3 8. gxf3 e6 9. b4 Be7 10. Bd2 0-0 11. Nc3 Rc8 12. f4 Nbd7 13. b5 b6 14. b4 a5 15. bxa6 b5 16. a7 Nf8 17. Ra2 N6d7 18. Bxb5 cxb5 19. Nxb5 f6 20. 0-0 Kf7 21. Nc3 g6 22. Rfa1 f5 23. Ra6 h6 24. Na4 Rc7 25. Nb2 g5 26. Nd3 Ng6 27. c6 Nb6 28. Rxb6 Raxa7 29. Rba6 Rxa6 30. Rxa6 Bd6 31. Ne5+ Bxe5 32. fxe5 Ne7 33. b5 Ke8 34. Ba5 Rc8 35. Ra7 f4 36. Rxe7+ Kxe7 37. Bb4+ Ke8 38. Bd6 f3 39. h3 1-0

[Event "Kesarovski Georgiev Memorial 9th"]
[Site "Sunny Beach"]
[Date "2010.09.05"]
[Round "9"]
[White "Nikolov, Jordan"]
[Black "Rusev, Jeliazko"]
[Result "1/2-1/2"]
[WhiteElo "2097"]
[BlackElo "2276"]
[PlyCount "68"]
[EventDate "2010.08.28"]
[EventType "swiss"]
[EventRounds "9"]
[EventCountry "BUL"]
[SourceTitle "CBM 138 Extra"]
[Source "ChessBase"]
[SourceDate "2010.10.29"]
[SourceVersion "1"]
[SourceVersionDate "2010.10.29"]
[SourceQuality "1"]

1. e4 e5 2. Nf3 Nc6 3. Bc4 Nf6 4. d3 Be7 5. c3 d6 6. h3 0-0 7. 0-0 a6 8. Bb3 Be6 9. Re1 Qd7 10. Nbd2 Nh5 11. d4 Bxb3 12. Nxb3 Nf6 13. Nbd2 Rad8 14. Nc4 exd4 15. Nxd4 d5 16. Nxc6 Qxc6 17. Ne5 Qb5 18. a4 Qb6 19. exd5 Nxd5 20. Qc2 Rfe8 21. Bd2 Bd6 22. Nc4 Qc5 23. Nxd6 Qxd6 24. c4 Rxe1+ 25. Rxe1 Nb4 26. Bxb4 Qxb4 27. Re3 g6 28. b3 Rd2 29. Qe4 Qd6 30. g3 Qf6 31. Re2 Qa1+ 32. Kg2 Rxe2 33. Qxe2 Kf8 34. Qe4 c6 1/2-1/2

[Event "Kesarovski Georgiev Memorial 9th"]
[Site "Sunny Beach"]
[Date "2010.09.03"]
[Round "7"]
[White "Faibisovich, Vadim Z"]
[Black "Rusev, Jeliazko"]
[Result "1/2-1/2"]
[WhiteElo "2410"]
[BlackElo "2276"]
[PlyCount "86"]
[EventDate "2010.08.28"]
[EventType "swiss"]
[EventRounds "9"]
[EventCountry "BUL"]
[SourceTitle "CBM 138 Extra"]
[Source "ChessBase"]
[SourceDate "2010.10.29"]
[SourceVersion "1"]
[SourceVersionDate "2010.10.29"]
[SourceQuality "1"]

1. e4 e5 2. Nf3 Nc6 3. Nc3 Nf6 4. Bb5 Bb4 5. 0-0 0-0 6. d3 d6 7. Bg5 Bxc3 8. bxc3 Qe7 9. Re1 Nd8 10. d4 Bg4 11. h3 Bc8 12. Bd3 Ne6 13. Be3 Nd7 14. Qd2 Qf6 15. Ng5 exd4 16. cxd4 Nxg5 17. Bxg5 Qxd4 18. Rab1 Ne5 19. Be3 Qa4 20. f4 Nxd3 21. cxd3 f5 22. Rec1 Qd7 23. Bd4 b6 24. Re1 Bb7 25. e5 Rfe8 26. exd6 cxd6 27. Rbc1 Rxe1+ 28. Rxe1 Re8 29. Re3 Rxe3 30. Qxe3 Qf7 31. Bc3 Bc6 32. Qd4 Bd5 33. a3 Qb7 34. g4 fxg4 35. hxg4 Bh1 36. Kf2 Qg2+ 37. Ke1 Qxg4 38. Qxd6 Qg3+ 39. Kd2 Qf2+ 40. Kc1 Qg1+ 41. Kc2 Qg2+ 42. Kc1 Qg1+ 43. Kc2 Qg2+ 1/2-1/2

[Event "BUL-chT2"]
[Site "Sunny Beach"]
[Date "2009.06.12"]
[Round "5.3"]
[White "Nestorova, Lozanka"]
[Black "Rusev, Jeliazko"]
[Result "0-1"]
[WhiteElo "2080"]
[BlackElo "2267"]
[PlyCount "60"]
[EventDate "2009.06.08"]
[EventType "team-swiss"]
[EventRounds "7"]
[EventCountry "BUL"]
[SourceTitle "CBM 130 Extra"]
[Source "ChessBase"]
[SourceDate "2009.07.02"]
[SourceVersion "2"]
[SourceVersionDate "2009.07.15"]
[SourceQuality "1"]

1. d4 d5 2. Nf3 Nf6 3. g3 Bf5 4. Bg2 e6 5. 0-0 h6 6. c4 c6 7. Nc3 Nbd7 8. Qb3 Qb6 9. c5 Qxb3 10. axb3 a6 11. b4 0-0-0 12. Bf4 g5 13. Be5 g4 14. Bxf6 Nxf6 15. Ne5 Rh7 16. Rfc1 Nd7 17. Nxd7 Kxd7 18. Bf1 h5 19. b5 axb5 20. Ra7 Kc7 21. Nxb5+ Kb8 22. Rca1 cxb5 23. c6 Kc7 24. e4 Bxe4 25. Bxb5 Rb8 26. R1a6 Bg7 27. cxb7 Rxb7 28. Rc6+ Kb8 29. Ra5 Bxd4 30. Ba6 Rxb2 0-1

[Event "BUL-ch sf"]
[Site "Shumen"]
[Date "1995.??.??"]
[Round "6"]
[White "Dobrev, Ivan"]
[Black "Rusev, Jeliazko"]
[Result "0-1"]
[WhiteElo "2310"]
[BlackElo "2290"]
[PlyCount "95"]
[EventDate "1995.??.??"]
[EventType "swiss"]
[EventRounds "9"]
[EventCountry "BUL"]
[SourceTitle "EXT 2002"]
[Source "ChessBase"]
[SourceDate "2001.11.25"]
[SourceVersion "1"]
[SourceVersionDate "2001.11.25"]
[SourceQuality "1"]

1. e4 e5 2. Nf3 Nc6 3. Nc3 Nf6 4. d4 exd4 5. Nxd4 Bb4 6. Nxc6 bxc6 7. Bd3 d5 8. exd5 cxd5 9. 0-0 0-0 10. Bg5 Be6 11. Ne2 h6 12. Bh4 Bd6 13. Nd4 Bd7 14. Re1 Rb8 15. Qf3 Rb4 16. c3 Rxb2 17. Nf5 Bxf5 18. Qxf5 Qc8 19. Bxf6 Qxf5 20. Bxf5 gxf6 21. Rad1 Rd8 22. Kf1 Be5 23. c4 Rxa2 24. cxd5 Rb8 25. Re2 Rbb2 26. Rxb2 Rxb2 27. Bd7 Kf8 28. Rd3 Ke7 29. Bc6 Kd6 30. Be8 Ke7 31. Bc6 Ra2 32. Re3 Kd6 33. Re4 Ra1+ 34. Ke2 a5 35. Rc4 Ra2+ 36. Kf3 Bxh2 37. Rh4 Bg1 38. Rxh6 Rxf2+ 39. Kg3 Rf1 40. Rh7 Bf2+ 41. Kg4 Ke7 42. Rh8 f5+ 43. Kf3 Bd4+ 44. Ke2 Rf2+ 45. Ke1 Rxg2 46. Re8+ Kf6 47. Rc8 Be5 48. Ra8 0-1

[Event "BUL-ch sf"]
[Site "Shumen"]
[Date "1995.??.??"]
[Round "?"]
[White "Rusev, Jeliazko"]
[Black "Dragiev, Veselin"]
[Result "1/2-1/2"]
[WhiteElo "2290"]
[BlackElo "2330"]
[PlyCount "31"]
[EventDate "1995.??.??"]
[EventType "swiss"]
[EventRounds "9"]
[EventCountry "BUL"]
[SourceTitle "EXT 2002"]
[Source "ChessBase"]
[SourceDate "2001.11.25"]
[SourceVersion "1"]
[SourceVersionDate "2001.11.25"]
[SourceQuality "1"]

1. d4 d5 2. Nf3 Nd7 3. Bg5 Ngf6 4. Nbd2 c5 5. c3 e6 6. e3 Be7 7. Bd3 0-0 8. Ne5 Nxe5 9. dxe5 Nd7 10. Bf4 f6 11. Qh5 g6 12. Bxg6 hxg6 13. Qxg6+ Kh8 14. h4 fxe5 15. Qh5+ Kg8 16. Qg6+ 1/2-1/2